000 00691cam a22002413a 4500
001 29375
003 PGUSA
005 20140828083633.0
008 090711s2009||||xxu|||||s|||||000 | eng d
040 _aPGUSA
_beng
042 _adc
050 4 _aTP
100 1 _aLuhr, Otto,
_d1863-
245 1 0 _aManufacturing Cost Data on Artificial Ice
_h[electronic resource] /
_cOtto Luhr
260 _bProject Gutenberg,
_c2009
506 _aPublic domain in the USA.
516 _aElectronic text
653 _aRefrigeration and refrigerating machinery
653 _aIce -- Manufacture
830 0 _aProject Gutenberg
_v29375
856 4 0 _uhttp://www.gutenberg.org/ebooks/29375
942 _cEB
999 _c258630
_d258630